Catálogo

Enfoques teóricos de políticas públicas : (Registro nro. 71020)

Detalles MARC
000 -LEADER
fixed length control field 01420nam a2200337 i 4500
001 - CONTROL NUMBER
control field 71020
003 - CONTROL NUMBER IDENTIFIER
control field Mx-PuUPA
005 - DATE AND TIME OF LATEST TRANSACTION
control field 20240611103615.0
008 - FIXED-LENGTH DATA ELEMENTS--GENERAL INFORMATION
fixed length control field 240610s2020 mx |||gr|||| 00| 0 spa d
020 ## - INTERNATIONAL STANDARD BOOK NUMBER
International Standard Book Number 9786078517749
040 ## - CATALOGING SOURCE
Original cataloging agency Mx-PuUPA
Language of cataloging spa
Transcribing agency Mx-PuUPA
Modifying agency Mx-PuUPA
Description conventions rda
041 0# - LANGUAGE CODE
Language code of text/sound track or separate title spa
245 00 - TITLE STATEMENT
Title Enfoques teóricos de políticas públicas :
Remainder of title desarrollos contemporáneos para América Latina /
Statement of responsibility, etc. Gloria del Castillo Alemán, Mauricio I. Dussauge Laguna, editores
250 ## - EDITION STATEMENT
Edition statement Primera edición
264 #1 - PRODUCTION, PUBLICATION, DISTRIBUTION, MANUFACTURE, AND COPYRIGHT NOTICE
Place of production, publication, distribution, manufacture Ciudad de México :
Name of producer, publisher, distributor, manufacturer Facultad Latinoamericana de Ciencias Sociales, Sede México (FLACSO México),
Date of production, publication, distribution, manufacture, or copyright notice ©2020
300 ## - PHYSICAL DESCRIPTION
Extent 362 páginas ;
Dimensions 23 cm
336 ## - CONTENT TYPE
Fuente rdacontent
Content type term texto
Content type code txt
337 ## - MEDIA TYPE
Source rdamedia
Media type term sin medio
Media type code n
338 ## - CARRIER TYPE
Source rdacarrier
Carrier type term volumen
Carrier type code nc
545 1# - BIOGRAPHICAL OR HISTORICAL DATA
Biographical or historical data Reimpresiones: (octubre de 2021) ; (febrero de 2023).
650 #7 - SUBJECT ADDED ENTRY--TOPICAL TERM
Source of heading or term armarc
Topical term or geographic name entry element Política pública
Geographic subdivision América Latina
650 #7 - SUBJECT ADDED ENTRY--TOPICAL TERM
Source of heading or term armarc
Topical term or geographic name entry element Política pública
General subdivision Teorías
Geographic subdivision América Latina
650 #7 - SUBJECT ADDED ENTRY--TOPICAL TERM
Source of heading or term armarc
Topical term or geographic name entry element Redes políticas
Geographic subdivision América Latina
650 #7 - SUBJECT ADDED ENTRY--TOPICAL TERM
Source of heading or term armarc
Topical term or geographic name entry element Políticas públicas
General subdivision Toma de decisiones
700 1# - ADDED ENTRY--PERSONAL NAME
Personal name Castillo Alemán, Gloria del,
Relator term editor
700 1# - ADDED ENTRY--PERSONAL NAME
Personal name Dussauge Laguna, Mauricio I.,
Relator term editor
942 ## - ADDED ENTRY ELEMENTS (KOHA)
Source of classification or shelving scheme Dewey Decimal Classification
Koha item type Libro
Classification part 320.6092
Item part E5696
Existencias
Withdrawn status Lost status Source of classification or shelving scheme Damaged status Not for loan Collection code Home library Current library Shelving location Date acquired Source of acquisition Cost, normal purchase price Total Checkouts Full call number Barcode Date last seen Copy number Cost, replacement price Price effective from Koha item type
    Dewey Decimal Classification     General Biblioteca Karol Wojtyla Biblioteca Karol Wojtyla Sala general 09/05/2024 1 399.00   320.6092 E5696 2020 104613 05/01/2026 Ej.2 399.00 09/05/2024 Libro
    Dewey Decimal Classification     General Biblioteca Karol Wojtyla Biblioteca Karol Wojtyla Sala general 09/05/2024 1 399.00   320.6092 E5696 2020 104612 05/01/2026   399.00 09/05/2024 Libro